La peste di Milano /
I tiakina i:
| Kaituhi matua: | |
|---|---|
| Ētahi atu kaituhi: | |
| Hōputu: | Pukapuka |
| Reo: | Itāriana |
| I whakaputaina: |
Milano :
Rusconi,
1987
|
| Putanga: | 2. ed |
| Ngā marau: | |
| Ngā Tūtohu: |
Kāore He Tūtohu, Me noho koe te mea tuatahi ki te tūtohu i tēnei pūkete!
|
MARC
| LEADER | 00000nam a2200000 i 4500 | ||
|---|---|---|---|
| 001 | IT\ICCU\CFI\0099376 | ||
| 003 | ItRI | ||
| 005 | 20240508171837.0 | ||
| 008 | 890811s1987 it |||||| ||||| |||||c | ||
| 015 | |2 IT |a 89-8360 | ||
| 020 | |a 8818120662 | ||
| 040 | |b ita |c GP | ||
| 041 | 7 | |a ita |2 ISO-639-2 | |
| 082 | |a 945.21 |2 19 | ||
| 100 | 1 | |a Borromeo, Federico, |d (1564-1631) |0 IT\ICCU\CFIV\021066 |4 aut | |
| 240 | 1 | 0 | |a De pestilentia quae Mediolani anno 1630 magnam stragem edidit |9 Borromeo, Federico <1564-1631> |
| 245 | 1 | 3 | |a La peste di Milano / |c Federico Borromeo ; a cura di Armando Torno. |
| 250 | |a 2. ed | ||
| 260 | |a Milano : |b Rusconi, |c 1987 | ||
| 300 | |a 177 p., \12! c. di tav. : |b ill. ; |c 22 cm | ||
| 500 | |a Trad. parziale dal ms. F. 20 inf. della Biblioteca Ambrosiana di Milano. | ||
| 650 | 7 | |a Peste |x Milano |x 1630 | |
| 700 | 1 | |a Torno, Armando |0 IT\ICCU\CFIV\037361 | |
| 942 | |2 ddc |c BK | ||
| 952 | |0 0 |1 0 |2 ddc |4 0 |6 858_500000000000000_BOR |7 1 |9 1275 |a RM |b RM |d 2024-05-08 |l 0 |o 858.5 BOR |p 398 |r 2024-05-08 17:19:01 |w 2024-05-08 |y BK | ||
| 981 | 1 | |6 z01 |a i |b xxxe | |
| 982 | 1 | |6 z01 |a n | |
| 999 | |c 1176 |d 1176 | ||